| 000 | 00845cam a2200205u 4500 | ||
|---|---|---|---|
| 999 |
_c15201 _d15201 |
||
| 001 | 9724015 | ||
| 003 | OSt | ||
| 005 | 20200305093957.0 | ||
| 008 | 821206s1940 enk 000 0aeng | ||
| 010 | _a 41015633 | ||
| 040 |
_aDLC _cCarP _dDLC |
||
| 050 | 0 | 0 |
_aPE1591 _b.N8 |
| 100 | 1 | _aNuttall, P. Austin. | |
| 245 | 1 | 4 |
_aThe Nuttall dictionary of English synonyms and antonyms, _bcontaining over 10,000 words in current use, arranged alphabetically, showing upwards of 70,000 parallel expressions with opposite examples, |
| 260 |
_aLondon and New York, _bF. Warne and co., ltd. _c[1940] |
||
| 300 |
_aviii, 272 p. _c21 cm. |
||
| 650 | 0 |
_aEnglish language _xSynonyms and antonyms _vDictionaries. |
|
| 700 | 1 |
_aChrist, G. Elgie, [from old catalog] _eed. |
|
| 906 |
_a0 _bcbc _cpremunv _du _encip _f19 _gy-gencatlg |
||
| 942 |
_2lcc _cOS _hPE1591.N |
||